Myths and Shibboleths of Indian history (Record no. 6093)

MARC details
000 -LEADER
fixed length control field 00748 a2200205 4500
005 - DATE AND TIME OF LATEST TRANSACTION
control field 20080825143219.0
008 - FIXED-LENGTH DATA ELEMENTS--GENERAL INFORMATION
fixed length control field 080825t xxu||||| |||| 00| 0 eng d
010 ## - LIBRARY OF CONGRESS CONTROL NUMBER
LC control number ENG-87138
020 ## - INTERNATIONAL STANDARD BOOK NUMBER
International Standard Book Number 8190078046
Terms of availability 30.00
035 ## - SYSTEM CONTROL NUMBER
System control number EN-70671
037 ## - SOURCE OF ACQUISITION
Source of stock number/acquisition DBAD / PUB
082 ## - DEWEY DECIMAL CLASSIFICATION NUMBER
Classification number 954.01
100 ## - MAIN ENTRY--PERSONAL NAME
Personal name Damodaran, Edavana
245 ## - TITLE STATEMENT
Title Myths and Shibboleths of Indian history
Statement of responsibility, etc by Edavana Damodaran
260 ## - PUBLICATION, DISTRIBUTION, ETC. (IMPRINT)
Place of publication, distribution, etc Mumbai
Name of publisher, distributor, etc Sahayog Publications
Date of publication, distribution, etc 2006
270 ## - ADDRESS
Address P.O.Box 8707
City Mumbai
Postal code 400 069
300 ## - PHYSICAL DESCRIPTION
Extent 72 p.
Dimensions 21 cm. (Hb.)
942 ## - ADDED ENTRY ELEMENTS (KOHA)
Institution code [OBSOLETE] dpl
Koha item type English Books
Call number prefix 954.01 / DAM
Source of classification or shelving scheme Dewey Decimal Classification
Classification part 954.01
Call number suffix DAM
Holdings
Withdrawn status Lost status Damaged status Not for loan Home library Current library Date acquired Cost, normal purchase price Total Checkouts Full call number Barcode Date last seen Copy number Uniform Resource Identifier Cost, replacement price Price effective from Koha item type
        D.B.Act.Division D.B.Act.Division 25/08/2008 30.00   954.01 DAM EN-70671 15/09/2008 1 6648 30.00 15/09/2008 English Books

© Delhi Public Library
Hit Counter
free hit counter